[Event "Winnipeg TNT May op"]
[Site "Winnipeg"]
[Date "2019.05.14"]
[Round "2.10"]
[White "Myrzaibraimova, Alia"]
[Black "Marshall, Ken"]
[Result "0-1"]
[WhiteElo "1216"]
[BlackElo "1473"]
[PlyCount "74"]
[EventDate "2019.05.07"]
[EventType "swiss"]
[EventRounds "4"]
[EventCountry "CAN"]
[SourceTitle "EXT 2022"]
[Source "ChessBase"]
[SourceDate "2021.10.06"]
[SourceVersion "1"]
[SourceVersionDate "2021.10.06"]
[SourceQuality "1"]

1. e4 e5 2. Nf3 Nc6 3. Bc4 Bc5 4. b4 Bxb4 5. c3 Bc5 6. d4 exd4 7. 0-0 Qf6 8. e5 Qe7 9. Re1 h6 10. Bb2 Na5 11. Bb3 dxc3 12. Bxc3 Nxb3 13. axb3 b6 14. Qd5 c6 15. Qe4 Qe6 16. b4 Be7 17. b5 Qd5 18. Nbd2 Qxe4 19. Rxe4 Bb7 20. Rg4 g6 21. e6 Nf6 22. Rf4 dxe6 23. Bxf6 Bxf6 24. Rxf6 Ke7 25. Ne4 cxb5 26. Nfd2 Rhd8 27. Rf4 f5 28. Rc1 fxe4 29. Rc7+ Rd7 30. Rf7+ Kxf7 31. Rxd7+ Ke8 32. Rxb7 Rd8 33. Rxa7 Rxd2 34. h3 b4 35. Kh2 b3 36. Ra1 b2 37. Rb1 Rxf2 0-1

[Event "Winnipeg TNT May op"]
[Site "Winnipeg"]
[Date "2018.05.15"]
[Round "3"]
[White "Myrzaibraimova, Aibike"]
[Black "Marshall, Ken"]
[Result "1/2-1/2"]
[WhiteElo "1470"]
[BlackElo "1499"]
[PlyCount "99"]
[EventDate "2018.05.01"]
[EventType "swiss"]
[EventRounds "5"]
[EventCountry "CAN"]
[SourceTitle "EXT 2022"]
[Source "ChessBase"]
[SourceDate "2021.10.06"]
[SourceVersion "1"]
[SourceVersionDate "2021.10.06"]
[SourceQuality "1"]

1. e4 e5 2. Nf3 Nc6 3. Bc4 Bc5 4. c3 d6 5. d4 exd4 6. cxd4 Bb6 7. 0-0 Bg4 8. h3 Bh5 9. d5 Ne5 10. Be2 Qf6 11. Nxe5 Bxe2 12. Qxe2 Qxe5 13. Nc3 Nf6 14. Re1 0-0 15. Qd3 Rfe8 16. Re2 Re7 17. Bd2 Rae8 18. Rae1 a6 19. Kh1 Qh5 20. Qg3 Bd4 21. f3 Be5 22. Bf4 h6 23. Bxe5 Rxe5 24. f4 R5e7 25. e5 dxe5 26. fxe5 Nd7 27. e6 fxe6 28. Rxe6 Qf7 29. Rxe7 Rxe7 30. Rxe7 Qxe7 31. Qxc7 b5 32. a3 g5 33. Qc8+ Kf7 34. Qxa6 Qe1+ 35. Kh2 Qe5+ 36. g3 Qe3 37. Qe6+ Qxe6 38. dxe6+ Kxe6 39. Nxb5 Ne5 40. Kg2 Kd5 41. Kf1 Kc4 42. Nc3 Kb3 43. Nd1 Kc2 44. Ke2 Nd3 45. g4 Nf4+ 46. Ke1 Nxh3 47. a4 Nf4 48. a5 Nd5 49. Ke2 Nf4+ 50. Ke1 1/2-1/2

[Event "Winnipeg Campbell Memorial"]
[Site "Winnipeg"]
[Date "2016.12.20"]
[Round "7"]
[White "Letain, Cory"]
[Black "Marshall, Ken"]
[Result "1-0"]
[WhiteElo "1731"]
[BlackElo "1456"]
[PlyCount "49"]
[EventDate "2016.11.01"]
[EventType "swiss"]
[EventRounds "7"]
[EventCountry "CAN"]
[SourceTitle "EXT 2022"]
[Source "ChessBase"]
[SourceDate "2021.10.06"]
[SourceVersion "1"]
[SourceVersionDate "2021.10.06"]
[SourceQuality "1"]

1. d4 d5 2. c4 c6 3. cxd5 cxd5 4. Nc3 Nf6 5. Bf4 a6 6. a3 Bf5 7. Nf3 e6 8. e3 Nbd7 9. Bd3 Ne4 10. 0-0 Nxc3 11. bxc3 Be7 12. Bxf5 exf5 13. Qb3 Nb6 14. Ne5 0-0 15. Rfb1 f6 16. Qxb6 fxe5 17. Qe6+ Kh8 18. Bxe5 Rc8 19. Rxb7 Re8 20. Rd7 Qa5 21. Bxg7+ Kxg7 22. Rxe7+ Rxe7 23. Qxe7+ Kg6 24. Qe6+ Kg5 25. Qxc8 1-0

[Event "Winnipeg Campbell Memorial"]
[Site "Winnipeg"]
[Date "2016.11.29"]
[Round "5"]
[White "Mandusic, Ante"]
[Black "Marshall, Ken"]
[Result "0-1"]
[WhiteElo "1233"]
[BlackElo "1456"]
[PlyCount "94"]
[EventDate "2016.11.01"]
[EventType "swiss"]
[EventRounds "7"]
[EventCountry "CAN"]
[SourceTitle "EXT 2022"]
[Source "ChessBase"]
[SourceDate "2021.10.06"]
[SourceVersion "1"]
[SourceVersionDate "2021.10.06"]
[SourceQuality "1"]

1. d4 d5 2. e3 Nf6 3. Nc3 Bf5 4. Bd3 e6 5. Nge2 Be4 6. f3 Bxd3 7. Qxd3 c6 8. b3 Nbd7 9. Bb2 Bb4 10. 0-0-0 Qe7 11. Kb1 a5 12. g4 a4 13. Nxa4 b5 14. Nac3 0-0 15. h4 h5 16. g5 Nh7 17. Rdg1 g6 18. f4 Ba3 19. Bxa3 Rxa3 20. Nc1 b4 21. N3e2 Rfa8 22. e4 Qd8 23. Nc3 bxc3 24. Qxc3 Qc7 25. e5 c5 26. Rd1 c4 27. Rh3 Qa5 28. Qxa5 R3xa5 29. a4 Nb6 30. b4 Rxa4 31. Na2 Rxa2 32. Kc1 R8a4 33. Kd2 Rxb4 34. Rc3 Na4 35. Re3 c3+ 36. Kd3 Nb2+ 37. Ke2 Nxd1 38. Kxd1 Ra1+ 39. Ke2 Ra3 40. Kd3 Rb1 41. Ke2 Rc1 42. Kd3 Rd1+ 43. Ke2 Rxd4 44. Kf3 Rd2 45. Kg3 Rxc2 46. Rf3 Rca2 47. Rxc3 Rxc3# 0-1

[Event "Winnipeg Boardman Memorial"]
[Site "Winnipeg"]
[Date "2016.04.26"]
[Round "4"]
[White "Marshall, Ken"]
[Black "Skop, Mike"]
[Result "0-1"]
[WhiteElo "1324"]
[BlackElo "1676"]
[PlyCount "64"]
[EventDate "2016.04.05"]
[EventType "swiss"]
[EventRounds "4"]
[EventCountry "CAN"]
[SourceTitle "EXT 2022"]
[Source "ChessBase"]
[SourceDate "2021.10.06"]
[SourceVersion "1"]
[SourceVersionDate "2021.10.06"]
[SourceQuality "1"]

1. e4 d5 2. exd5 Qxd5 3. Nc3 Qd6 4. Nf3 Bg4 5. Be2 Bxf3 6. Bxf3 c6 7. d3 Nf6 8. Ne4 Nxe4 9. dxe4 Qc7 10. 0-0 e6 11. Re1 Bd6 12. g3 Nd7 13. b3 0-0-0 14. Bb2 f5 15. e5 Nxe5 16. Qe2 Nxf3+ 17. Qxf3 Rhe8 18. a4 g6 19. a5 h5 20. c4 h4 21. Bf6 hxg3 22. Bxd8 gxf2+ 23. Qxf2 Qxd8 24. Qxa7 Qe7 25. a6 Bc5+ 26. Qxc5 Qxc5+ 27. Kh1 bxa6 28. Rxa6 Kb7 29. Rea1 Rh8 30. R6a5 Qf2 31. Ra7+ Qxa7 32. Rxa7+ Kxa7 0-1

[Event "Winnipeg TNT January op"]
[Site "Winnipeg"]
[Date "2016.01.19"]
[Round "3.4"]
[White "Russo, Max"]
[Black "Marshall, Ken"]
[Result "0-1"]
[WhiteElo "1443"]
[BlackElo "1258"]
[PlyCount "78"]
[EventDate "2016.01.05"]
[EventType "swiss"]
[EventRounds "4"]
[EventCountry "CAN"]
[SourceTitle "EXT 2022"]
[Source "ChessBase"]
[SourceDate "2021.10.06"]
[SourceVersion "1"]
[SourceVersionDate "2021.10.06"]
[SourceQuality "1"]

1. d4 d5 2. Nf3 Nf6 3. e3 Bf5 4. b3 Nbd7 5. Bb2 e6 6. Nbd2 c6 7. Be2 Bb4 8. a3 Bd6 9. 0-0 Qc7 10. c4 0-0-0 11. c5 Be7 12. b4 h5 13. b5 h4 14. a4 Ne4 15. Nxe4 Bxe4 16. Bd3 Bxd3 17. Qxd3 g5 18. Bc3 g4 19. Nd2 g3 20. h3 gxf2+ 21. Rxf2 f5 22. a5 cxb5 23. Qxb5 a6 24. Qa4 Bg5 25. Nf1 f4 26. exf4 Bxf4 27. Rb1 Rhf8 28. Bd2 Bh2+ 29. Nxh2 Rxf2 30. Kxf2 Qg3+ 31. Kg1 Rg8 32. Ng4 Rxg4 33. hxg4 h3 34. Kf1 Qxg2+ 35. Ke1 h2 36. Kd1 h1Q+ 37. Kc2 Qe4+ 38. Kc3 Qhxb1 39. c6 Qed3# 0-1

[Event "Winnipeg Yanofsky Memorial U1800"]
[Site "Winnipeg"]
[Date "2015.08.15"]
[Round "2.5"]
[White "Trueman, Francis"]
[Black "Marshall, Ken"]
[Result "1-0"]
[WhiteElo "1462"]
[BlackElo "1306"]
[PlyCount "69"]
[EventDate "2015.08.14"]
[EventType "swiss"]
[EventRounds "5"]
[EventCountry "CAN"]
[SourceTitle "EXT 2022"]
[Source "ChessBase"]
[SourceDate "2021.10.06"]
[SourceVersion "1"]
[SourceVersionDate "2021.10.06"]
[SourceQuality "1"]

1. Nf3 d5 2. d3 Nf6 3. Nbd2 Bf5 4. g3 e6 5. Bg2 Bb4 6. c3 Ba5 7. 0-0 Nc6 8. Re1 Bb6 9. Nf1 Ng4 10. e3 h6 11. h3 Nge5 12. Qe2 Bxd3 13. Qd1 Be4 14. b3 0-0 15. N3h2 Qf6 16. f3 Nd3 17. Ng4 Qxc3 18. Bd2 Qc5 19. fxe4 Nxe1 20. Qxe1 Ba5 21. Rc1 Bxd2 22. Qxd2 Qd6 23. exd5 exd5 24. Nf2 a5 25. Nd3 b6 26. Nf4 Nb4 27. e4 a4 28. e5 Qe7 29. a3 Na6 30. e6 fxe6 31. Nxe6 Rf6 32. Bxd5 Ra7 33. Re1 Qd6 34. Ng5+ Kf8 35. Nh7# 1-0